| 000 -LEADER |
| fixed length control field |
01053cim a2200301 a 4500 |
| 001 - CONTROL NUMBER |
| control field |
15791438 |
| 005 - DATE AND TIME OF LATEST TRANSACTION |
| control field |
20180202074408.0 |
| 007 - PHYSICAL DESCRIPTION FIXED FIELD--GENERAL INFORMATION |
| fixed length control field |
sd fsngnnmmneu |
| 008 - FIXED-LENGTH DATA ELEMENTS--GENERAL INFORMATION |
| fixed length control field |
090625s2008 nyunnn| e | eng d |
| 010 ## - LIBRARY OF CONGRESS CONTROL NUMBER |
| LC control number |
2009605287 |
| 020 ## - INTERNATIONAL STANDARD BOOK NUMBER |
| International Standard Book Number |
1427204950 |
| 020 ## - INTERNATIONAL STANDARD BOOK NUMBER |
| International Standard Book Number |
9781427204950 |
| 035 ## - SYSTEM CONTROL NUMBER |
| System control number |
(OCoLC)ocn257592406 |
| 040 ## - CATALOGING SOURCE |
| Original cataloging agency |
HT# |
| Transcribing agency |
HT# |
| Modifying agency |
WIQ |
| -- |
DLC |
| 041 ## - LANGUAGE CODE |
| Language code of text/sound track or separate title |
eng |
| 042 ## - AUTHENTICATION CODE |
| Authentication code |
lccopycat |
| 080 ## - UNIVERSAL DECIMAL CLASSIFICATION NUMBER |
| Universal Decimal Classification number |
101 |
| 100 ## - Rafti |
| Rafti |
24 |
| 101 ## - Shkurtesa |
| Shkurtesa |
FIL |
| 245 00 - TITLE STATEMENT |
| Title |
This I believe II |
| Statement of responsibility, etc |
edited by Jay Allison and Dan Gediman with John Gregory and Viki Merrick in association with NPR. |
| 246 3# - VARYING FORM OF TITLE |
| Title proper/short title |
This I believe 2 |
| 306 ## - PLAYING TIME |
| Playing time |
050000 |
| 508 ## - CREATION/PRODUCTION CREDITS NOTE |
| Creation/production credits note |
Produced by Jay Allison and Dan Gediman with John Gregory and Viki Merrick. |
| 511 0# - PARTICIPANT OR PERFORMER NOTE |
| Participant or performer note |
Essays are read by the authors ; theme music for the radio program by George Brandl Eglof. |
| 906 ## - LOCAL DATA ELEMENT F, LDF (RLIN) |
| a |
7 |
| b |
cbc |
| c |
copycat |
| d |
2 |
| e |
ncip |
| f |
20 |
| g |
y-soundrec |
| 942 ## - ADDED ENTRY ELEMENTS (KOHA) |
| Source of classification or shelving scheme |
|
| Item type |
Books |